000
00321nam a2200145Ia 4500
008
230312s9999||||xx |||||||||||||| ||und||
020
_a
81-219-0168-5
082
_a
658
_b
GAR-I
100
_a
Garg;H,P
245
0
_a
Industrial Maintenance
260
_b
chand
_c
2000
300
_a
554
650
_a
Management
942
_c
BK
999
_c
3367
_d
3367